000 00975nam a2200253Ia 4500
003 OSt
005 20221005103651.0
006 a|||||r|||| 00| 0
007 ta
008 221004b |||||||| |||| 00| 0 hin d
020 _a8179750272 (hbk)
_c250
024 _a97345
037 _b451, 25/03/2009, Swaraj Prakashan
_cTextual
040 _aCRL
_cCRL
_bhin
041 _2hin
_ahin
082 _aVv, 152P3
100 _aसिन्हा, अतुल कुमार
245 0 _aइतिहास
_b मूल्य और अर्थ
246 _aItihāsa: mūlya aur artha
260 _aदिल्ली
_bअनामिका पब्लिशर्स डिस्ट्रीब्यूटर्स प्रा. लिमिटेड भारत
_c2003
300 _a118पृ0
_ccm.
942 _hVv, 152P3
_cTEXL
_2cc
999 _c1010562
_d1010562